Normal view
MARC view
- John R. Jensen
Entry Personal Name
001 - CONTROL NUMBER
- control field: 133144
003 - CONTROL NUMBER IDENTIFIER
- control field: NUST
005 - DATE AND TIME OF LATEST TRANSACTION
- control field: 20260209155546.0
008 - FIXED-LENGTH DATA ELEMENTS
- fixed length control field: 260209|| aca||aabn | a|a d
040 ## - CATALOGING SOURCE
- Original cataloging agency: NUST
- Transcribing agency: NUST
100 ## - HEADING--PERSONAL NAME
- Personal name: John R. Jensen
670 ## - SOURCE DATA FOUND
- Source citation: Work cat.: (NUST): John R. Jensen, Remote Sensing of the Environment: An Earth Resource Perspective /, 2000.
